[Event "3rd International Chess Festival Sport"]
[Site "Paracin"]
[Date "2010.07.16"]
[Round "9.9"]
[White "Damljanovic Branko"]
[Black "Savic Miodrag R"]
[Result "1/2-1/2"]
[WhiteElo "2541"]
[BlackElo "2477"]
[Annotator "Milojevic,Boban"]
[PlyCount "41"]
[EventDate "2010.??.??"]
[TimeControl "5400"]

1. Nf3 Nf6 2. c4 c6 3. d4 d5 4. cxd5 cxd5 5. Nc3 Nc6 6. Bf4 a6 7. Rc1 e6 8. e3
Bd6 9. Bxd6 Qxd6 10. Bd3 O-O 11. O-O e5 12. dxe5 Nxe5 13. Nxe5 Qxe5 14. Be2 Rd8
15. Qd4 Qxd4 16. exd4 Bd7 17. Nd1 Rac8 18. Ne3 Kf8 19. Rfd1 Ke7 20. f3 Rxc1 21.
Rxc1 1/2-1/2

[Event "3rd International Chess Festival Sport"]
[Site "Paracin"]
[Date "2010.07.16"]
[Round "9.9"]
[White "Simantsev Mikhail"]
[Black "Janev Evgeni"]
[Result "1/2-1/2"]
[WhiteElo "2539"]
[BlackElo "2453"]
[Annotator "Milojevic,Boban"]
[PlyCount "40"]
[EventDate "2010.??.??"]
[TimeControl "5400"]

1. e4 e5 2. Nf3 Nc6 3. Bb5 a6 4. Ba4 Nf6 5. O-O Be7 6. Re1 b5 7. Bb3 d6 8. c3
O-O 9. h3 Na5 10. Bc2 c5 11. d4 Qc7 12. Nbd2 cxd4 13. cxd4 Nc6 14. d5 Nb4 15.
Bb1 a5 16. a3 Na6 17. Nf1 Nc5 18. Ng3 Bd7 19. Bc2 Rfc8 20. Bd2 g6 1/2-1/2

[Event "3rd International Chess Festival Sport"]
[Site "Paracin"]
[Date "2010.07.16"]
[Round "9.9"]
[White "Nestorovic Dejan"]
[Black "Pavlov Sergey"]
[Result "0-1"]
[WhiteElo "2423"]
[BlackElo "2524"]
[Annotator "Milojevic,Boban"]
[PlyCount "122"]
[EventDate "2010.??.??"]
[TimeControl "5400"]

1. d4 Nf6 2. c4 e6 3. Nf3 d5 4. Bg5 Bb4+ 5. Nc3 dxc4 6. e4 h6 7. Bxf6 Qxf6 8.
Bxc4 c5 9. O-O O-O 10. e5 Qd8 11. Qe2 cxd4 12. Rad1 Nc6 13. Qe4 Bd7 14. Ne2 Bc5
15. Nexd4 Nxd4 16. Nxd4 Qb6 17. Bd3 g6 18. Nb3 Be7 19. Qg4 h5 20. Qg3 Be8 21.
Rc1 Rd8 22. Be4 a5 23. Rc2 Kg7 24. Qe3 Qxe3 25. fxe3 Bb5 26. Re1 Rd7 27. Nd4
Ba6 28. Kf2 Bd8 29. Rd1 Bb6 30. Rcd2 Rc7 31. Bd3 Rc5 32. Bxa6 bxa6 33. Nf3 Bc7
34. b3 Rc8 35. Ke2 Bxe5 36. Nxe5 Rxe5 37. Rd6 Rc2+ 38. R1d2 Rxd2+ 39. Rxd2 Rc5
40. a4 Rc6 41. h4 Kf6 42. Rd7 Rb6 43. Rd3 Ke5 44. Kf3 f6 45. g3 g5 46. hxg5
fxg5 47. g4 hxg4+ 48. Kxg4 Rc6 49. Kxg5 Ke4 50. Rd1 e5 51. Rh1 Rc5 52. Rh6 Kxe3
53. Rxa6 e4+ 54. Kg4 Ke2 55. Re6 e3 56. Kf4 Rc3 57. Kg3 Rxb3 58. Re5 Ke1 59.
Kg2 e2 60. Rd5 Ra3 61. Rxa5 Kd2 0-1

[Event "3rd International Chess Festival Sport"]
[Site "Paracin"]
[Date "2010.07.16"]
[Round "9.9"]
[White "Abramovic Bosko"]
[Black "Nikolov Sasho"]
[Result "0-1"]
[WhiteElo "2491"]
[BlackElo "2409"]
[Annotator "Milojevic,Boban"]
[PlyCount "37"]
[EventDate "2010.??.??"]
[TimeControl "5400"]

1. d4 d5 2. c4 c6 3. Nf3 Nf6 4. e3 Bf5 5. Nc3 e6 6. Nh4 Bg4 7. Qb3 Qb6 8. h3
Bh5 9. g4 Bg6 10. Nxg6 hxg6 11. Bg2 Na6 12. Bd2 Be7 13. Ke2 Nc7 14. Qa4 a5 15.
c5 Qa6+ 16. Ke1 e5 17. Qd1 Ne6 18. dxe5 Nd7 19. f4 0-1

[Event "3rd International Chess Festival Sport"]
[Site "Paracin"]
[Date "2010.07.16"]
[Round "9.9"]
[White "Stanojoski Zvonko"]
[Black "Bojovic Dusan"]
[Result "1-0"]
[WhiteElo "2487"]
[BlackElo "2330"]
[Annotator "Milojevic,Boban"]
[PlyCount "59"]
[EventDate "2010.??.??"]
[TimeControl "5400"]

1. g3 g6 2. Bg2 Bg7 3. c4 d6 4. Nc3 Nf6 5. Rb1 O-O 6. b4 Nbd7 7. Nf3 a5 8. b5
e5 9. O-O Nb6 10. d3 Nfd7 11. Be3 h6 12. Qd2 Kh7 13. Rfc1 f5 14. h4 Nc5 15. Nd5
Be6 16. Nxe5 Bxd5 17. cxd5 Bxe5 18. d4 Bxd4 19. Bxd4 Nbd7 20. Be3 h5 21. Qd4
Qf6 22. Qf4 b6 23. Rd1 Rae8 24. Qh6+ Kg8 25. Bd4 Ne5 26. Bh3 Rf7 27. f4 Rh7 28.
fxe5 dxe5 29. Qe3 f4 30. gxf4 1-0

[Event "3rd International Chess Festival Sport"]
[Site "Paracin"]
[Date "2010.07.16"]
[Round "9.9"]
[White "Zlatanovic Boroljub"]
[Black "Lajthajm Borko"]
[Result "0-1"]
[WhiteElo "2422"]
[BlackElo "2493"]
[Annotator "Milojevic,Boban"]
[PlyCount "90"]
[EventDate "2010.??.??"]
[TimeControl "5400"]

1. g3 c5 2. Bg2 g6 3. c4 Bg7 4. Nc3 Nc6 5. Nf3 e5 6. O-O f5 7. d3 Nf6 8. a3 O-O
9. Rb1 a5 10. Ne1 d6 11. Nc2 a4 12. Ne3 Nd4 13. Ned5 Nxd5 14. Nxd5 Bd7 15. Bd2
Ra7 16. Bc3 Nb3 17. e3 b5 18. f4 bxc4 19. dxc4 e4 20. Rf2 Be6 21. Bf1 Qd7 22.
h3 Ra6 23. Be2 Qf7 24. g4 Bxc3 25. bxc3 Bxd5 26. Qxd5 Rb6 27. gxf5 gxf5 28.
Rg2+ Kh8 29. Qxf7 Rxf7 30. Bd1 Rg7 31. Rg5 h6 32. Rxg7 Kxg7 33. Kf2 Kf6 34. Ke1
Ke6 35. Bxb3 axb3 36. a4 d5 37. a5 Rb8 38. Kd2 dxc4 39. Kc1 Kd5 40. Kb2 Rg8 41.
Rd1+ Kc6 42. a6 Rg2+ 43. Kb1 Rc2 44. a7 Ra2 45. Kc1 Kb6 0-1

[Event "3rd International Chess Festival Sport"]
[Site "Paracin"]
[Date "2010.07.16"]
[Round "9.9"]
[White "Pantelic Sasa"]
[Black "Milenkovic Mladen"]
[Result "1-0"]
[WhiteElo "2335"]
[BlackElo "2375"]
[Annotator "Milojevic,Boban"]
[PlyCount "83"]
[EventDate "2010.??.??"]
[TimeControl "5400"]

1. d4 Nf6 2. c4 d6 3. Nc3 e5 4. Nf3 Nc6 5. Bg5 h6 6. Bxf6 Qxf6 7. Nd5 Qd8 8. e3
g5 9. dxe5 dxe5 10. Be2 Bg7 11. Qc2 Ne7 12. Rd1 Nxd5 13. cxd5 g4 14. Bb5+ Kf8
15. Qc5+ Qd6 16. Qxd6+ cxd6 17. Nd2 Ke7 18. Rc1 Kd8 19. f3 gxf3 20. gxf3 Bd7
21. Bxd7 Kxd7 22. Ne4 f5 23. Ng3 Raf8 24. Nh5 Rhg8 25. Rg1 Bh8 26. Ke2 Rg5 27.
Rxg5 hxg5 28. Rg1 e4 29. fxe4 fxe4 30. Rxg5 Bxb2 31. Ng3 Be5 32. Rh5 Bxg3 33.
hxg3 Rg8 34. Rh7+ Kc8 35. Kf2 a5 36. Rh4 Re8 37. g4 b5 38. Kg3 Rf8 39. g5 Rf3+
40. Kg4 Rxe3 41. g6 Re1 42. Kf4 1-0

[Event "3rd International Chess Festival Sport"]
[Site "Paracin"]
[Date "2010.07.16"]
[Round "9.9"]
[White "Weinzettl Ernst"]
[Black "Kryakvin Dmitry"]
[Result "0-1"]
[WhiteElo "2325"]
[BlackElo "2603"]
[Annotator "Milojevic,Boban"]
[PlyCount "62"]
[EventDate "2010.??.??"]
[TimeControl "5400"]

1. e4 c5 2. Nf3 d6 3. d4 cxd4 4. Nxd4 Nf6 5. Nc3 Nc6 6. Bc4 e6 7. Be3 Be7 8.
Qe2 O-O 9. O-O-O a6 10. Bb3 Qe8 11. f4 b5 12. f5 b4 13. Na4 Nxd4 14. Bxd4 e5
15. Be3 Bb7 16. Nb6 Bxe4 17. Rhf1 Qb5 18. Qxb5 axb5 19. Nxa8 Rxa8 20. Bg5 Rc8
21. Bxf6 gxf6 22. Rd2 Rc5 23. g4 Bf8 24. Kb1 d5 25. Re1 Bh6 26. Rdd1 Bf4 27. h3
Kg7 28. a3 bxa3 29. bxa3 Kh6 30. Kb2 Kg5 31. c3 Kh4 0-1

[Event " 3rd International Chess Festival Sport "]
[Site "Paracin"]
[Date "2010.07.16"]
[Round "9.9"]
[White "Dochev, Dimitar"]
[Black "Zivkovic, Ivan B"]
[Result "1/2-1/2"]
[WhiteElo "2430"]
[BlackElo "2326"]
[PlyCount "41"]
[EventDate "2010.07.09"]

1. e4 c5 2. Nf3 d6 3. d4 cxd4 4. Nxd4 Nf6 5. Nc3 Nc6 6. f3 e5 7. Nb3 Be7 8. Be3
O-O 9. Qd2 a5 10. Bb5 Be6 11. Rd1 Na7 12. Bd3 Nc6 13. Bb5 Na7 14. Bd3 Nc6 15.
a3 Kh8 16. O-O a4 17. Nc1 d5 18. exd5 Nxd5 19. Nxd5 Qxd5 20. Ne2 Bc5 21. Nc3
1/2-1/2

[Event " 3rd International Chess Festival Sport "]
[Site "Paracin"]
[Date "2010.07.16"]
[Round "9.10"]
[White "Sorgic, Dragan"]
[Black "Nestorovic, Nikola"]
[Result "0-1"]
[WhiteElo "2310"]
[BlackElo "2420"]
[PlyCount "86"]
[EventDate "2010.07.09"]

1. Nf3 Nf6 2. g3 b6 3. Bg2 Bb7 4. c4 e6 5. O-O c5 6. Nc3 a6 7. d4 cxd4 8. Qxd4
Nc6 9. Qd3 Rc8 10. b3 Be7 11. Bb2 O-O 12. Rfd1 Nb4 13. Qd2 Qc7 14. Rac1 Qb8 15.
a3 Nc6 16. b4 d6 17. Na4 Nd7 18. Qe3 Ba8 19. Bh3 b5 20. cxb5 axb5 21. Nc3 Nce5
22. Nd2 Nb6 23. Qd4 Bf6 24. Qf4 Rxc3 25. Bxc3 Nd5 26. Bxe5 Nxf4 27. Bxf4 g5 28.
Be3 Bd5 29. Bg2 Bxg2 30. Kxg2 Qa8+ 31. Kg1 d5 32. Bc5 Rd8 33. e3 Qxa3 34. Nf3
e5 35. Ne1 d4 36. exd4 exd4 37. Nd3 Qb3 38. Rb1 Qc2 39. Rbc1 Qe2 40. Ra1 h5 41.
h3 Kg7 42. Bb6 Rd5 43. Bc7 Rf5 0-1

[Event " 3rd International Chess Festival Sport "]
[Site "Paracin"]
[Date "2010.07.16"]
[Round "9.11"]
[White "Nestorovic, Lazar"]
[Black "Jerez Perez, Alfonso"]
[Result "1-0"]
[WhiteElo "2310"]
[BlackElo "2415"]
[PlyCount "79"]
[EventDate "2010.07.09"]

1. e4 e6 2. d4 d5 3. Nc3 Bb4 4. e5 c5 5. a3 Ba5 6. b4 cxd4 7. Nb5 Bc7 8. f4 Bd7
9. Nf3 Bxb5 10. Bxb5+ Nc6 11. Ng5 Nh6 12. Bd3 Qd7 13. Qh5 O-O-O 14. O-O Rdf8
15. Bd2 Nf5 16. b5 Nce7 17. Qe2 h6 18. Nf3 Kb8 19. a4 Bb6 20. Rfb1 Bc5 21. Kh1
g5 22. a5 g4 23. Ne1 h5 24. b6 h4 25. a6 Bxb6 26. Kg1 Rc8 27. Ba5 Rc6 28. axb7
Qxb7 29. Qd2 Rc3 30. Qc1 Ne3 31. Bxc3 Nxg2 32. Nxg2 dxc3+ 33. Ne3 g3 34. h3 Nc6
35. Ba6 Qc7 36. Kg2 Nxe5 37. fxe5 Qxe5 38. Bd3 Qf4 39. Qe1 Rh5 40. Ng4 1-0

[Event " 3rd International Chess Festival Sport "]
[Site "Paracin"]
[Date "2010.07.16"]
[Round "9.13"]
[White "Ardeleanu, Alin"]
[Black "Toth, Aleksandar"]
[Result "1/2-1/2"]
[WhiteElo "2399"]
[BlackElo "2306"]
[PlyCount "140"]
[EventDate "2010.07.09"]

1. e4 e5 2. Nf3 Nc6 3. Nc3 Nf6 4. d4 exd4 5. Nxd4 Bb4 6. Nxc6 bxc6 7. Bd3 d5 8.
exd5 cxd5 9. O-O O-O 10. Bg5 c6 11. Qf3 Bd6 12. Bxf6 Qxf6 13. Qxf6 gxf6 14. Ne2
Rb8 15. b3 c5 16. Rad1 Be6 17. c3 a5 18. h3 a4 19. bxa4 Rb2 20. Bb5 Rxa2 21.
Ra1 Rb2 22. Rfb1 Rxb1+ 23. Rxb1 Ra8 24. Rd1 Bc7 25. f4 Rd8 26. Kh2 Kf8 27. g4
f5 28. Kg3 Ke7 29. Kf3 Ba5 30. Rd3 Kf6 31. Ng3 d4 32. cxd4 cxd4 33. gxf5 Bxf5
34. Nxf5 Kxf5 35. Rb3 Rd5 36. Bc4 Rc5 37. Bxf7 Bc7 38. Bg8 Bxf4 39. Bxh7+ Ke5
40. Bd3 Bd2 41. Rb8 Kf6 42. Rb6+ Kg5 43. Rg6+ Kh5 44. Rd6 Bc3 45. Kf4 Bd2+ 46.
Ke4 Bc3 47. Be2+ Kg5 48. Rd7 Re5+ 49. Kf3 Re3+ 50. Kf2 Rxh3 51. a5 d3 52. Bf3
Bxa5 53. Kg2 Rh6 54. Rd5+ Kf4 55. Rxa5 Ke3 56. Re5+ Kd2 57. Kf2 Rb6 58. Be4 Rb2
59. Kf3 Rb3 60. Rh5 Rb2 61. Kf4 Rc2 62. Rh3 Rc3 63. Rh2+ Kc1 64. Rh1+ Kd2 65.
Rh2+ Kc1 66. Bf3 d2 67. Rh1+ Kb2 68. Rg1 Rc1 69. Rg2 Kc3 70. Rg3 Kb2 1/2-1/2

[Event " 3rd International Chess Festival Sport "]
[Site "Paracin"]
[Date "2010.07.16"]
[Round "9.14"]
[White "Kojovic, Dragan"]
[Black "Brankovic, Dejan"]
[Result "1-0"]
[WhiteElo "2381"]
[BlackElo "2352"]
[PlyCount "69"]
[EventDate "2010.07.09"]

1. d4 Nf6 2. c4 g6 3. Nc3 Bg7 4. e4 d6 5. f4 O-O 6. Nf3 c5 7. d5 a6 8. Bd3 b5
9. Qe2 e6 10. dxe6 Bxe6 11. cxb5 axb5 12. Bxb5 d5 13. e5 Nfd7 14. O-O Nb6 15.
Bd2 Qe7 16. a4 Qb7 17. Ng5 Nc6 18. Qf2 c4 19. Be3 Rfb8 20. Qh4 h6 21. Nf3 Ne7
22. g4 Kh7 23. Nd4 g5 24. Qh5 gxf4 25. Rxf4 Ng6 26. Rf6 Nd7 27. Nxe6 Nxf6 28.
Ng5+ Kg8 29. exf6 Bf8 30. Ne6 Qc8 31. Nxf8 Qxf8 32. Rf1 Re8 33. Bxe8 Rxe8 34.
Nxd5 Re5 35. Ne7+ 1-0

[Event " 3rd International Chess Festival Sport "]
[Site "Paracin"]
[Date "2010.07.16"]
[Round "9.15"]
[White "Andrijevic, Milan"]
[Black "Dinic, Dragan"]
[Result "1-0"]
[WhiteElo "2375"]
[BlackElo "2285"]
[PlyCount "61"]
[EventDate "2010.07.09"]

1. e4 e5 2. Nf3 Nc6 3. Bb5 f5 4. Nc3 fxe4 5. Nxe4 Nf6 6. Qe2 d5 7. Nxf6+ gxf6
8. d4 Bg7 9. dxe5 fxe5 10. Bxc6+ bxc6 11. Nxe5 O-O 12. O-O Qd6 13. f4 Bf5 14.
b3 Be4 15. Bb2 Rf5 16. Rf2 Raf8 17. Raf1 Qh6 18. Qg4 Kh8 19. Ba3 Qe6 20. Bxf8
Bxf8 21. Qh4 Bc5 22. Kh1 Rf8 23. Qg4 Rf5 24. Qe2 Rf6 25. Qd2 Bf8 26. Qc3 Bg7
27. Qc5 h6 28. Qxa7 Rf5 29. Qxc7 Rh5 30. Kg1 Kh7 31. a4 1-0

[Event " 3rd International Chess Festival Sport "]
[Site "Paracin"]
[Date "2010.07.16"]
[Round "9.16"]
[White "Popovic, Aleksandar M"]
[Black "Panic, Nenad"]
[Result "0-1"]
[WhiteElo "2244"]
[BlackElo "2371"]
[PlyCount "120"]
[EventDate "2010.07.09"]

1. e4 c5 2. Nf3 e6 3. d4 cxd4 4. Nxd4 a6 5. Nc3 Qc7 6. f4 b5 7. Bd3 Bb7 8. Qe2
b4 9. Na4 Nc6 10. Nb3 d6 11. Be3 Nf6 12. Bb6 Qb8 13. O-O Be7 14. Be3 Nd7 15. e5
dxe5 16. f5 exf5 17. Bxf5 Nf6 18. Nb6 Ra7 19. Nd7 Nxd7 20. Bxd7+ Kxd7 21. Rxf7
Qe8 22. Qf2 Kc8 23. Bxa7 Nxa7 24. Rxe7 Qxe7 25. Qxa7 Qg5 26. Qf2 Rd8 27. Re1
Rd6 28. Na5 Bd5 29. Rd1 Kd7 30. h4 Qg4 31. Rd3 Ke8 32. Qd2 Qxh4 33. Nb7 Rh6 34.
Rh3 Qd4+ 35. Qxd4 exd4 36. Rxh6 gxh6 37. Nd6+ Kd7 38. Nf5 d3 39. cxd3 Bxa2 40.
Kf2 Be6 41. Ng3 a5 42. Ne4 Kc6 43. Ke3 Bd5 44. Kd4 a4 45. Nf6 Bxg2 46. Kc4 b3
47. Kb4 Kd6 48. Kxa4 Ke6 49. Nh5 Bf3 50. Ng3 Bd1 51. Kb4 h5 52. Kc5 h4 53. Ne4
Bg4 54. Kd4 h3 55. Ke3 h2 56. Nf2 Kf5 57. Nh1 Ke5 58. Nf2 Be6 59. d4+ Kf5 60.
Kd3 Bd5 0-1

[Event " 3rd International Chess Festival Sport "]
[Site "Paracin"]
[Date "2010.07.16"]
[Round "9.17"]
[White "Colovic, Dusan"]
[Black "Bulatovic, Nikola"]
[Result "1-0"]
[WhiteElo "2369"]
[BlackElo "2066"]
[PlyCount "53"]
[EventDate "2010.07.09"]

1. d4 Nf6 2. Nc3 d5 3. Bf4 c6 4. e3 g6 5. Nf3 Bg7 6. Be2 O-O 7. Ne5 Nbd7 8. Qd2
Nxe5 9. Bxe5 Ne4 10. Nxe4 dxe4 11. Bxg7 Kxg7 12. O-O-O Qd5 13. c4 Qg5 14. h4
Qf6 15. f3 exf3 16. gxf3 b5 17. h5 Kg8 18. e4 Bd7 19. e5 Qg7 20. Bd3 Rfd8 21.
f4 bxc4 22. Bxc4 Bf5 23. hxg6 hxg6 24. Rh4 e6 25. Qh2 Be4 26. Bd3 Bd5 27. Bc2
1-0

[Event " 3rd International Chess Festival Sport "]
[Site "Paracin"]
[Date "2010.07.16"]
[Round "9.18"]
[White "Nesic, Nebojsa"]
[Black "Lahiri, Atanu"]
[Result "0-1"]
[WhiteElo "2123"]
[BlackElo "2353"]
[PlyCount "90"]
[EventDate "2010.07.09"]

1. d4 Nf6 2. c4 g6 3. Nc3 Bg7 4. e4 d6 5. Nf3 O-O 6. Be2 e5 7. O-O Nc6 8. Be3
Ng4 9. Bg5 f6 10. Bc1 f5 11. d5 Ne7 12. Ng5 Nf6 13. c5 h6 14. cxd6 cxd6 15. Ne6
Bxe6 16. dxe6 fxe4 17. Qb3 b6 18. f3 exf3 19. Bxf3 Rc8 20. Rd1 Kh7 21. Qa3 d5
22. Nb5 Rc5 23. Be2 Qe8 24. Qxa7 Nc8 25. Qa6 Qxe6 26. Bd2 Rc2 27. Bd3 Rc6 28.
Rac1 Nd7 29. Rxc6 Qxc6 30. Rc1 Nc5 31. Qa3 e4 32. Be2 Nd6 33. Nxd6 Qxd6 34. b4
Nd7 35. Qa7 Rf7 36. Qc7 Qf6 37. Be3 d4 38. Rf1 Qe7 39. Rxf7 Qxf7 40. Bc4 Qe7
41. Bf4 d3 42. Bd6 d2 43. Be2 Qf6 44. Qxd7 Qa1+ 45. Kf2 Qe1+ 0-1

[Event " 3rd International Chess Festival Sport "]
[Site "Paracin"]
[Date "2010.07.16"]
[Round "9.19"]
[White "Radovanovic, Nikola"]
[Black "Ganaus, Hannes"]
[Result "0-1"]
[WhiteElo "2070"]
[BlackElo "2288"]
[PlyCount "70"]
[EventDate "2010.07.09"]

1. e4 c6 2. d4 d5 3. Nd2 dxe4 4. Nxe4 Bf5 5. Ng3 Bg6 6. h4 h6 7. Nf3 e6 8. Ne5
Bh7 9. Qh5 Qc7 10. Bd3 Nf6 11. Qf3 Bxd3 12. Nxd3 Nbd7 13. Bd2 c5 14. dxc5 Nxc5
15. Nxc5 Bxc5 16. O-O O-O-O 17. Bc3 Bd4 18. Ne2 Bxc3 19. Nxc3 Rd7 20. Rad1 Rhd8
21. Rxd7 Rxd7 22. Rd1 Rxd1+ 23. Qxd1 Qb6 24. b3 a6 25. Qd3 Kc7 26. Qg3+ Kc6 27.
Qxg7 Qd4 28. Qg3 Ng4 29. Qf3+ Kb6 30. Na4+ Ka7 31. c3 Qg7 32. Qg3 Qg6 33. Kf1
Qb1+ 34. Ke2 Qc2+ 35. Kf3 f5 0-1

[Event " 3rd International Chess Festival Sport "]
[Site "Paracin"]
[Date "2010.07.16"]
[Round "9.20"]
[White "Tosic, Miroslav"]
[Black "Gavrilovic, Leonardo"]
[Result "1/2-1/2"]
[WhiteElo "2423"]
[BlackElo "2241"]
[PlyCount "130"]
[EventDate "2010.07.09"]

1. d4 c5 2. d5 Nf6 3. Nc3 d6 4. Nf3 g6 5. a4 Bg7 6. Nd2 O-O 7. e4 e6 8. Be2
exd5 9. exd5 Nbd7 10. Nc4 Nb6 11. Ne3 Re8 12. a5 Nbd7 13. O-O a6 14. Nc4 Ne5
15. Nb6 Rb8 16. h3 Bf5 17. g4 Bc8 18. Kg2 h6 19. f4 Ned7 20. Nc4 Qc7 21. Na4
Ne4 22. Ra3 Ndf6 23. Nab6 Bd7 24. g5 Nh7 25. gxh6 Bxh6 26. f5 Bxc1 27. fxg6
fxg6 28. Nxd7 Qxd7 29. Qxc1 Nhf6 30. Raf3 Rf8 31. Bd3 Qg7 32. Qf4 Rbe8 33. Bxe4
Rxe4 34. Qxe4 Nxe4 35. Rxf8+ Qxf8 36. Rxf8+ Kxf8 37. Kf3 Ng5+ 38. Kf4 Nf7 39.
Nd2 Ke7 40. Ne4 Ke8 41. h4 Ke7 42. b3 Ke8 43. Ng5 Ne5 44. Ne6 Nf7 45. Ke4 Ke7
46. Nf4 Kf6 47. Nd3 Ke7 48. c3 Kf6 49. Nf2 Nh6 50. Kf4 Nf7 51. Ne4+ Ke7 52. Ng5
Nd8 53. b4 cxb4 54. cxb4 Nf7 55. Ne4 Kd7 56. Nc3 Kc7 57. b5 axb5 58. Nxb5+ Kd7
59. Nd4 Ke7 60. Nf3 Kf6 61. Nd2 Ke7 62. Nc4 Kd7 63. Ke4 Kc7 64. Kd4 Nh6 65. Ne3
b5 1/2-1/2

[Event " 3rd International Chess Festival Sport "]
[Site "Paracin"]
[Date "2010.07.16"]
[Round "9.22"]
[White "Petrovic, Marija"]
[Black "Strebkovs, Andrejs"]
[Result "0-1"]
[WhiteElo "2208"]
[BlackElo "2325"]
[Annotator "Milojevic,Boban"]
[PlyCount "75"]
[EventDate "2010.07.09"]

1. d4 c5 2. e3 Nf6 3. Nf3 g6 4. c3 Bg7 5. Nbd2 O-O 6. a4 d6 7. Bc4 Nbd7 8. O-O
e5 9. dxe5 dxe5 10. e4 Qe7 11. a5 Nh5 12. Re1 Nf4 13. Nf1 Rb8 14. Ne3 Nf6 15.
Qc2 b5 16. axb6 axb6 17. Bb5 Ne8 18. Bf1 Nd6 19. g3 Ne6 20. Nd5 Qe8 21. Bh6 f6
22. Bxg7 Kxg7 23. Ra7+ Rb7 24. Rea1 Rff7 25. Ra8 Nc7 26. Nxc7 Rbxc7 27. Nd2 Qc6
28. Bg2 Bb7 29. R8a7 f5 30. f3 c4 31. exf5 gxf5 32. Nf1 f4 33. Qe2 Rce7 34. Rd1
Qc7 35. Rxb7 Nxb7 36. Rd5 Rf6 37. Nd2 Rd6 38. Rxe5 {necitko} 0-1

[Event " 3rd International Chess Festival Sport "]
[Site "Paracin"]
[Date "2010.07.16"]
[Round "9.23"]
[White "Irizanin, Radoje"]
[Black "Grujic, Nebojsa"]
[Result "1-0"]
[WhiteElo "2300"]
[BlackElo "2188"]
[PlyCount "82"]
[EventDate "2010.07.09"]

1. Nf3 d5 2. b3 e6 3. Bb2 f5 4. g3 Nf6 5. Bg2 Bd6 6. O-O O-O 7. d4 c6 8. c4
Nbd7 9. Nc3 Ne4 10. e3 Qf6 11. Ne2 g5 12. Nc1 g4 13. Ne1 Ng5 14. Ned3 Qg7 15.
Ne2 Rf6 16. Nef4 Rh6 17. c5 Bxf4 18. exf4 Nh3+ 19. Bxh3 Rxh3 20. Kg2 b6 21. Re1
Qh6 22. Rh1 Ba6 23. Nb4 Bb7 24. a4 Rf8 25. a5 bxc5 26. a6 Ba8 27. Nd3 cxd4 28.
Rc1 c5 29. Nxc5 Nxc5 30. Rxc5 e5 31. fxe5 d3 32. Bd4 Qxa6 33. e6 Qxe6 34. Qxd3
f4 35. Rc7 f3+ 36. Kf1 Re8 37. Rg7+ Kf8 38. Qd2 Rh5 39. Qb4+ Re7 40. Qb8+ Re8
41. Qb4+ Re7 1-0

[Event " 3rd International Chess Festival Sport "]
[Site "Paracin"]
[Date "2010.07.16"]
[Round "9.24"]
[White "Borjanovic, Vojislav"]
[Black "Radosavljevic, Slobodan D"]
[Result "0-1"]
[WhiteElo "2102"]
[BlackElo "2280"]
[PlyCount "98"]
[EventDate "2010.07.09"]

1. e4 c5 2. Nf3 g6 3. Nc3 Bg7 4. d4 cxd4 5. Nxd4 Nc6 6. Be3 Nf6 7. Bc4 O-O 8.
Bb3 d6 9. f3 Bd7 10. Qd2 Qa5 11. O-O-O Rfc8 12. Kb1 Ne5 13. Bh6 Bxh6 14. Qxh6
Rxc3 15. bxc3 Qxc3 16. Qd2 Qc5 17. Ne2 a5 18. a4 b5 19. Qd4 Qc8 20. axb5 Bxb5
21. Nc3 Rb8 22. Ka1 Nc6 23. Qd2 a4 24. Ba2 Nb4 25. Rb1 Bc4 26. Rhc1 Qc5 27.
Bxc4 Qxc4 28. Rb2 a3 29. Rb3 Nxc2+ 30. Qxc2 Rxb3 31. Ne2 Qb4 32. Rb1 Rxb1+ 33.
Qxb1 Qd2 34. Qb5 Nd7 35. Kb1 Nc5 36. Nc1 Qxg2 37. e5 Qxh2 38. exd6 exd6 39. Qb4
h5 40. Qxa3 h4 41. Qe3 Qe5 42. Qxe5 dxe5 43. Ne2 g5 44. Kc2 f5 45. Kd2 Kf7 46.
Ke3 Ne6 47. Ng1 Nf4 48. Kf2 Ke6 49. Kf1 h3 0-1

[Event " 3rd International Chess Festival Sport "]
[Site "Paracin"]
[Date "2010.07.16"]
[Round "9.25"]
[White "Adnoy, Hallvard V"]
[Black "Rajkovic, Branislav"]
[Result "1-0"]
[WhiteElo "2275"]
[BlackElo "2175"]
[PlyCount "75"]
[EventDate "2010.07.09"]

1. e4 e6 2. Qe2 c5 3. Nf3 Nc6 4. g3 d6 5. Bg2 e5 6. O-O Bg4 7. c3 Qd7 8. Na3
Be7 9. Nc4 Nf6 10. Re1 h6 11. d3 O-O 12. Ne3 Bh3 13. Nh4 Rfe8 14. Nhf5 Bxg2 15.
Kxg2 Bf8 16. Ng4 Qe6 17. h3 Rad8 18. Qf3 Nxg4 19. hxg4 f6 20. Rh1 c4 21. dxc4
Qxc4 22. b3 Qe6 23. c4 b5 24. g5 hxg5 25. Bxg5 fxg5 26. Qh5 Qf6 27. Qh7+ Kf7
28. Rh6 Be7 29. Rxf6+ Bxf6 30. Qh5+ Ke6 31. Qg4 Kf7 32. cxb5 Nd4 33. Qh5+ Ke6
34. Ne3 Nxb5 35. Rc1 Re7 36. Nd5 Rb7 37. Rc8 Nd4 38. Rxd8 1-0